1106 1020 1395 1455 1931 1596 1296 1122 1299 1921 1985 1701 1172 1217 1487 1627 1570 1409 1457 1437 1705 1827 1743 1622 1662 1301 1813 1186 1303 1008 1429 1383 1282 1965 1656 1127 1435 1361 1902 1220 1525 1209 1524 1322 1799 1617 1966 1227 1793 1988 1594 1809 1068 1207 1152 1534 1950 1015 1139 1301 1669 1166 1919 1883 1586 1159 1986 1209 1138 1023 1845 1968 1301 1268 1320 1379 1487 1624 1940 1117 1377 1705 1244 1415 1330 1673 1997 1969 1623 1739 1805 1933 1663 1699 1062 1127 1092 1801 1747 BCNSPRNW ULIB Ver.6.0+V

เปลี่ยนเป็นภาษาไทย

Change to English
 แสดงรายละเอียดบรรณานุกรม
  กลับหน้าหลัก

Brief Record : Get Marc (ISO 2709) : E-mail record : QR code < ปิดหน้าต่าง
LEADER : 00000nam 2200000uu 4500
001    13399112026
003     ULIB
008    110627s2553||||th 000 0 tha d
020    9786167083087
090    นว.^bน494ร 2553
100 0  นาวิกา
245 00 ระบำอสูร/^cนาวิกา
250    พิมพ์ครั้งที่ 2
260    กรุงเทพฯ :^bบิวตี้บุ๊ค,^c2553
300    412 หน้า
710 1  บิวตี้บุ๊ค
945    ^p275^l0^i028093
995    ทศพร
999 ^a ใช้งานได้ทุกระบบ
รายการนี้ยังไม่มีแท็ก
คุณยังไม่ได้ล็อกอิน คุณสามารถมีกิจกรรมร่วมกับเว็บไซต์ได้ แต่ต้องล็อกอินก่อน ::
  ล็อกอิน

รายการสื่อสารสนเทศ

ลำดับที่ ประเภท เลขเรียก/บาร์โค้ด สถานที่ สถานะ
- ไม่พบข้อมูล -

BibComment


ยังไม่เคยถูกคอมเมนท์

คอมเมนท์ทรัพยากรรายการนี้
  คอมเมนท์: ระบำอสูร นาวิกา


 Copyright 2026. Bcnsprnw @Library